000 00795nam a2200241 i 4500
001 30977
003 ES-MaACL
005 20251213063015.0
007 t|
008 030128s1946 sp ||||1| spa d
100 1 _aBelloc, Hilaire,
_d1870-1953
_927250
245 1 0 _aCamino de Roma /
_cHilaire Belloc ; prólogo de Walter Starkie ; [traducción de Juan G. de Luaces].
250 _a1ª ed.
260 _aBarcelona :
_bJuventud,
_c[1946] (
_fR. Plana)
300 _aXII, 246 p. :
_bil. ;
_c22 cm.
651 4 _aFrancia-
_xDescripción.
_98676
651 4 _aSuiza-
_xDescripción.
_99416
651 _aItalia-
_xDescripción.
_98861
700 1 _aStarkie, Walter,
_d1894-1976
_9107933
700 1 _aLuaces, Juan G. de.
_974483
852 _aES-MaACL
_jD-7647
999 _c30977
_d30977